00555nam a2200145Ia 4500008004100000024004400041082001700085100004800102245004700150260002500197600002500222650003800247952010700285999001700392250506s9999 xx 000 0 und d a15B-021-SE, 15B-116-SE & 15B-026-SE a005.3192 KAS aKashaf Aijaz, Muhammad Akmal & Hafsa Akhlaq 0aStrategic Information System for Resturant aKarachi:bUIT,c2005 aSoftware Engineering aBachelor of Computer Science (BS) 001040708PR-SEaUITUbUITUd2022-07-26l0o005.3192 KASpSE-15r2025-05-06 11:34:19w2025-05-06yPR c28218d28218